|
|
|
|
| LEADER |
03461nam a2200481 i 4500 |
| 001 |
36995 |
| 003 |
BD-DhAAL |
| 005 |
20211129105627.0 |
| 008 |
200211r20192018ii a b 001 0 eng d |
| 999 |
|
|
|c 42197
|d 42197
|
| 010 |
|
|
|a 2016022842
|
| 020 |
|
|
|a 9789352865611
|
| 020 |
|
|
|a 9780134492513
|
| 020 |
|
|
|a 013449251X
|
| 040 |
|
|
|a DLC
|b eng
|c DLC
|e rda
|d DLC
|d BD-DhAAL
|
| 042 |
|
|
|a pcc
|
| 050 |
0 |
0 |
|a HF5415
|b .K636 2018
|
| 082 |
0 |
0 |
|a 658.8
|2 23
|
| 100 |
1 |
|
|a Kotler, Philip
|9 39225
|
| 245 |
1 |
0 |
|a Principles of marketing /
|c Philip Kotler, Gary Armstrong, Prafulla Y. Agnihotri
|
| 250 |
|
|
|a Seventeenth edition.
|
| 260 |
|
|
|a Noida (Uttar Pradesh, Indien) :
|b Pearson,
|c c2018 [second impression 2019]
|
| 300 |
|
|
|a xxii,701 pages :
|b illustrations ;
|c 29 cm
|
| 504 |
|
|
|a Includes bibliographical references and index.
|
| 526 |
|
|
|a BBS
|
| 541 |
|
|
|a Book Finder International
|e 36995, 36996, 36997, 36998, 36999, 37000, 37001, 37002, 37003, 37004
|
| 650 |
|
0 |
|a Marketing.
|9 39226
|
| 650 |
|
0 |
|a Finance.
|9 39227
|
| 650 |
|
0 |
|a Business & finance
|9 43328
|
| 700 |
1 |
|
|a Armstrong, Gary
|q (Gary M.)
|9 39228
|
| 700 |
1 |
|
|a Agnihotri, Prafulla Y.
|9 39229
|
| 852 |
|
|
|a Ayesha Abed Library
|c General Stacks
|
| 942 |
|
|
|2 ddc
|c BK
|
| 952 |
|
|
|0 0
|1 0
|2 ddc
|4 0
|6 658_800000000000000_KOT
|7 0
|9 67826
|a BRACUL
|b BRACUL
|c GEN
|d 2020-02-05
|e Book Finder International
|g 1093.61
|l 14
|m 111
|o 658.8 KOT
|p 3010036996
|r 2026-05-19
|s 2026-05-03
|t 2
|v 1093.61
|w 2020-02-05
|y BK
|
| 952 |
|
|
|0 0
|1 0
|2 ddc
|4 0
|6 658_800000000000000_KOT
|7 0
|9 67827
|a BRACUL
|b BRACUL
|c GEN
|d 2020-02-05
|e Book Finder International
|g 1093.61
|l 6
|m 60
|o 658.8 KOT
|p 3010036997
|q 2025-12-17
|r 2023-02-05
|s 2023-02-05
|t 3
|v 1093.61
|w 2020-02-05
|y BK
|
| 952 |
|
|
|0 0
|1 0
|2 ddc
|4 0
|6 658_800000000000000_KOT
|7 0
|9 67828
|a BRACUL
|b BRACUL
|c GEN
|d 2020-02-05
|e Book Finder International
|g 1093.61
|l 13
|m 153
|o 658.8 KOT
|p 3010036999
|r 2026-05-15
|s 2026-05-03
|t 5
|v 1093.61
|w 2020-02-05
|y BK
|
| 952 |
|
|
|0 0
|1 3
|2 ddc
|4 0
|6 658_800000000000000_KOT
|7 0
|9 67829
|a BRACUL
|b BRACUL
|c GEN
|d 2020-02-05
|e Book Finder International
|g 1093.61
|l 1
|m 22
|o 658.8 KOT
|p 3010037003
|r 2020-02-20
|s 2020-02-20
|t 9
|v 2186.00
|w 2020-02-05
|y BK
|x Lost & cost paid by ID 18304097, Money receipt # 52772 BDT 2186.00
|
| 952 |
|
|
|0 0
|1 0
|2 ddc
|4 0
|6 658_800000000000000_KOT
|7 0
|9 67830
|a BRACUL
|b BRACUL
|c GEN
|d 2020-02-05
|e Book Finder International
|g 1093.61
|l 16
|m 96
|o 658.8 KOT
|p 3010037000
|r 2026-01-17
|s 2025-10-25
|t 6
|v 1093.61
|w 2020-02-05
|y BK
|
| 952 |
|
|
|0 0
|1 0
|2 ddc
|4 0
|6 658_800000000000000_KOT
|7 0
|9 67831
|a BRACUL
|b BRACUL
|c GEN
|d 2020-02-05
|e Book Finder International
|g 1093.61
|l 17
|m 120
|o 658.8 KOT
|p 3010036995
|r 2025-09-21
|s 2025-06-24
|t 1
|v 1093.61
|w 2020-02-05
|y BK
|
| 952 |
|
|
|0 0
|1 0
|2 ddc
|4 0
|6 658_800000000000000_KOT
|7 0
|9 67832
|a BRACUL
|b BRACUL
|c GEN
|d 2020-02-05
|e Book Finder International
|g 1093.61
|l 15
|m 75
|o 658.8 KOT
|p 3010037002
|r 2026-04-08
|s 2026-03-31
|t 8
|v 1093.61
|w 2020-02-05
|y BK
|
| 952 |
|
|
|0 0
|1 0
|2 ddc
|4 0
|6 658_800000000000000_KOT
|7 0
|9 67833
|a BRACUL
|b BRACUL
|c GEN
|d 2020-02-05
|e Book Finder International
|g 1093.61
|l 14
|m 127
|o 658.8 KOT
|p 3010036998
|r 2026-05-19
|s 2026-01-20
|t 4
|v 1093.61
|w 2020-02-05
|y BK
|
| 952 |
|
|
|0 0
|1 0
|2 ddc
|4 0
|6 658_800000000000000_KOT
|7 0
|9 67834
|a BRACUL
|b BRACUL
|c GEN
|d 2020-02-05
|e Book Finder International
|g 1093.61
|l 16
|m 108
|o 658.8 KOT
|p 3010037001
|r 2026-04-01
|s 2026-03-29
|t 7
|v 1093.61
|w 2020-02-05
|y BK
|
| 952 |
|
|
|0 0
|1 0
|2 ddc
|4 0
|6 658_800000000000000_KOT
|7 0
|9 67835
|a BRACUL
|b BRACUL
|c GEN
|d 2020-02-05
|e Book Finder International
|g 1093.61
|l 13
|m 215
|o 658.8 KOT
|p 3010037004
|r 2026-01-17
|s 2025-10-23
|t 10
|v 1093.61
|w 2020-02-05
|y BK
|